[Event "GER-chT Christmas U20 Girls"]
[Site "Playchess.com INT"]
[Date "2020.12.29"]
[Round "2.1"]
[White "Moeller, Lisa Marie"]
[Black "Ruckes, Lilly"]
[Result "1-0"]
[WhiteElo "1900"]
[BlackElo "845"]
[PlyCount "55"]
[EventDate "2020.12.29"]
[EventType "team-swiss (blitz)"]
[EventRounds "7"]
[EventCountry "GER"]
[SourceTitle "CBM 200 Extra"]
[Source "ChessBase"]
[SourceDate "2021.03.31"]
[SourceVersion "1"]
[SourceVersionDate "2021.03.31"]
[SourceQuality "1"]
[WhiteTeam "Duesseldorf"]
[BlackTeam "Magdeburg Schachzwerge II"]
[WhiteTeamCountry "GER"]
[BlackTeamCountry "GER"]

1. e4 e5 2. Nc3 Nf6 3. f4 d6 4. Nf3 Bg4 5. h3 exf4 6. hxg4 Nxg4 7. d4 d5 8. Nxd5 Nf6 9. Nxf4 Bb4+ 10. c3 Bd6 11. e5 Ne4 12. exd6 Qxd6 13. Qe2 0-0 14. Qxe4 Re8 15. Qxe8+ Qf8 16. Qxf8+ Kxf8 17. Rxh7 Nd7 18. Rh8+ Ke7 19. Rxa8 Kf6 20. Nd5+ Ke6 21. Nxc7+ Kf6 22. Rxa7 g6 23. Rxb7 Nf8 24. Nd5+ Kg7 25. Ne5 Ne6 26. Rxf7+ Kg8 27. Ne7+ Kh8 28. N5xg6# 1-0